000 01165nam a22002177a 4500
999 _c168603
_d168603
005 20191016162352.0
010 _aB-730557
020 _a9789353093952
_c40.00
035 _aB-730557
037 _bडी.बी.ए.डी./ उपहार
082 _a
100 _aकननल अच्युतन
245 _aमुखिल का रक्तरंजित अभियान /
_cकननल अच्युतन; तन्वी नाबर द्वारा चित्रांकित; बागराज राव द्वारा हिन्दी अनुवाद
260 _aनई दिल्ली
_bप्रथम बुक्स
_c2018
270 _a#621, 2nd floor, 5th Main, OMBR Layout, Banaswadi,
_bBengaluru
_e560043
_k+91 80 42052574, 91 11 41042483
300 _a16पृ.
_bसचित्र
_c14x20 सेमी (अजिल्द)
700 _928835
_aनाबर, तन्वी
700 _928836
_aराव, बागराज
942 _2ddc
_cCH
_h
_mकन्नल